00727nam a2200229 a 4500001001300000003000900013005001700022008004100039020001000080082001800090100002900108245004300137260004400180300000800224500003500232505004800267700002900315902000800344942000700352952012100359999001700480nice12345678IN_TiNIC20260116015158.0050524s1999 hyda grp 000 0 eng  ac10000a651.755bHMI1 aHenry Martyn Institute,  aMemorandum and Articles of Association aHyderabadbHenry Martyn Institutec1999 a24p aincludes index and biblioraphy2 aConclusion, Notes, Postscript, Bibliography1 aHenry Martyn Institute,  bSRS cBK 001040708StackRoom-aHMIbHMId2007-06-12g100.00l0o651.755 HMI1p11001331r2007-06-12v100.00w2005-05-24yBK c18636d18636